Normal view
MARC view
Entry Topical Term
001 - CONTROL NUMBER
- control field: 8301
003 - CONTROL NUMBER IDENTIFIER
- control field: BD-RjUL
005 - DATE AND TIME OF LATEST TRANSACTION
- control field: 20230810150916.0
008 - FIXED-LENGTH DATA ELEMENTS
- fixed length control field: 230810|| aca||aabn | a|a d
040 ## - CATALOGING SOURCE
- Original cataloging agency: BD-RjUL
- Transcribing agency: BD-RjUL
150 ## - HEADING--TOPICAL TERM
- Topical term or geographic name entry element: Higher education
- General subdivision: Specific levels of College
670 ## - SOURCE DATA FOUND
- Source citation: Work cat.: (BD-RjUL)81671: Chowdhary, Sushanta Roy 8300, EFFECT OF EDUCATION MANAGEMENT INFORMATION SYSTEM AT THE COLLEGE-LEVEL IN BANGLADESH ;, 2021